La Guerra del Paraguay. Acompañada de un bosquejo histórico del país y con notas sobre la ingeniería militar de la guerra. Por Jorge Thompson, Teniente Coronel de Injenieros en el Ejército del Paraguay, y Ayudante del Presidente López, condecorado con la Orden del Mérito, etc., etc. Traducido al español por D. Lewis y A. Estrada. Anotada y aumentada con un Apéndice en que se refutan algunas apreciaciones del autor y con los Partes Oficiales de los Generales del Ejército Aliado
Saved in:
| Hovedforfatter: | |
|---|---|
| Format: | Bog |
| Sprog: | spansk |
| Udgivet: |
Buenos Aires
Imprenta Americana, calle de San Martín Núm. 120
1869
|
| Udgivelse: | 1a. ed |
| Fag: | |
| Tags: |
Tilføj Tag
Ingen Tags, Vær først til at tagge denne postø!
|
MARC
| LEADER | 00000nam a2200000 a 4500 | ||
|---|---|---|---|
| 001 | UCJ6119 | ||
| 003 | CL-VaPUC | ||
| 005 | 20231103091626.0 | ||
| 008 | 070124e18690000AG |||||||||||||||||spa|d | ||
| 999 | |c 322227 |d 322225 | ||
| 040 | |c Pontificia Universidad Católica de Valparaíso | ||
| 082 | 0 | 4 | |a 989 |b THO |2 21 |
| 100 | 0 | |a Thompson, Jorge |e author |9 512393 | |
| 245 | 1 | 3 | |a La Guerra del Paraguay. Acompañada de un bosquejo histórico del país y con notas sobre la ingeniería militar de la guerra. Por Jorge Thompson, Teniente Coronel de Injenieros en el Ejército del Paraguay, y Ayudante del Presidente López, condecorado con la Orden del Mérito, etc., etc. Traducido al español por D. Lewis y A. Estrada. Anotada y aumentada con un Apéndice en que se refutan algunas apreciaciones del autor y con los Partes Oficiales de los Generales del Ejército Aliado |
| 250 | |a 1a. ed | ||
| 260 | |a Buenos Aires |b Imprenta Americana, calle de San Martín Núm. 120 |c 1869 | ||
| 300 | |a 384, cxxviii p | ||
| 500 | |a 8§.- Anteport. en color y orlada.- v. en b.- Port. en parte mutilada.- v. en b.- Prólogo de los traductores.- Prefacio.- Ocho planos, de los cuales hay dos plegados; todos afectados por alteraciones químico-orgánicas | ||
| 583 | |a last modification |c 20130719 05:45:01 |k Rodrigo Vera | ||
| 600 | 0 | 7 | |a FRANCIA, JOSE C. |2 CL-VaPUC |9 512394 |
| 600 | 0 | 7 | |a LOPEZ, CARLOS A. |2 CL-VaPUC |9 512395 |
| 600 | 0 | 7 | |a ALONSO, ROQUE |2 CL-VaPUC |9 512396 |
| 600 | 0 | |a Mitre, Bartolomé, |d 1821-1906 |9 866411 | |
| 600 | 0 | 7 | |a URQUIZA, JUSTO JOSE DE |2 CL-VaPUC |9 512397 |
| 600 | 0 | 7 | |a TRIPLE ALIANZA |2 CL-VaPUC |9 512398 |
| 600 | 0 | 7 | |a FLORES, VENANCIO |2 CL-VaPUC |9 512399 |
| 650 | 0 | |a Colonización española |9 256592 | |
| 650 | 0 | |a Jesuitas |9 268366 | |
| 650 | 7 | |a MISIONES |2 CL-VaPUC |9 269280 | |
| 650 | 7 | |a GUERRA DEL PARAGUAY |2 CL-VaPUC |9 446279 | |
| 650 | 7 | |a GUERRAS CIVILES |2 CL-VaPUC |9 361938 | |
| 650 | 0 | |a Dictadores |9 257742 | |
| 650 | 0 | |a Derecho constitucional |9 222588 | |
| 650 | 7 | |a DOCUMENTOS |2 CL-VaPUC |9 366450 | |
| 650 | 7 | |a INGENIERIA MILITAR |2 CL-VaPUC |9 398519 | |
| 650 | 0 | |a Mapas |9 260844 | |
| 651 | 0 | |a Argentina |9 254888 | |
| 651 | 0 | |a Brasil |9 267393 | |
| 651 | 0 | |a Uruguay |9 255194 | |
| 651 | 0 | |a Paraguay |9 255336 | |
| 942 | |c BK |2 ddc | ||
| 945 | |d 20070124 00:00:00 |a rinostro | ||
| 952 | |0 0 |1 0 |4 0 |6 989_000000000000000_THO_1869 |7 0 |8 X |9 401168 |a FDOBUD |b FDOBUD |d 2019-11-22 |i 1043935 |o 989 THO 1869 |p 1043935 |r 2019-11-22 |w 2019-11-22 |y BK_X |k BUD | ||